01779nam a2200421 i 450000100060000000300080000600500170001400600190003100700150005000800410006502000180010602000280012403500210015204000310017305000230020408200210022710000310024824500950027925000230037426401030039726400110050030000410051133600310055233700330058333800430061649000420065950400530070158800830075460000710083760000580090860000710096660000620103765000570109965000680115665500270122483000430125185600630129490000FINmELB20241217171914.0m o u cr cn|||||||||220131t20152015mx fob 001 0 spa d z9786074627947 a9786074628999q(e-book) a(OCoLC)995341920 aFINmELBbspaerdacFINmELB 4aPQ6085b.C377 201504a860.992069142231 aCarreira, Antonio,eautor.10aA vueltas con el exilio :b(de Juan José Domechina a Gerardo Deniz) /cAntonio Carreira. aPrimera edición. 1aMéxico, D.F. :bEl Colegio de México, Centro de Estudios Lingüísticos y Literarios,c2015. 4c©2015 a1 recurso en línea (383 páginas) atextobtxt2rdacontent/spa acomputadorabc2rdamedia/spa arecurso en líneabcr2rdacarrier/spa1 aLiteratura del exilio español ;v13 aIncluye referencias bibliográficas e índice. aDescripción basada en metadatos suministrados por el editor y otras fuentes.14aDomenchina, Juan José,d1898-1959xCrítica e interpretación.14aDeniz, Gerardo,d1934-xCrítica e interpretación.10aDomenchina, Juan José,d1898-1959xCriticism and interpretation.10aDeniz, Gerardo,d1934-2014xCriticism and interpretation. 0aSpanish poetryy20th centuryxHistory and criticism. 4aLiteratura españolaxAutores en exilioxHistoria y crítica. 4aLibros electrónicos. 0aLiteratura del exilio español ;v13.40uhttps://elibro.net/ereader/politecnicointernacional/193769